| 000 | 00420nam a2200181Ia 4500 | ||
|---|---|---|---|
| 008 | 090124s9999 xx 000 0 und d | ||
| 082 | _b33902 | ||
| 100 | _aLOOMBA SUBHASH | ||
| 245 | _aMORE TELL ME HOW | ||
| 250 | _a0 | ||
| 260 | _bSHIKHAR PRAKASHAN | ||
| 300 | _a396 | ||
| 600 | _aLOOMBA SUBHASH | ||
| 630 | _aMORE TELL ME HOW | ||
| 700 | _aLOOMBA SUBHASH | ||
| 730 | _aMORE TELL ME HOW | ||
| 942 | _cBOOK | ||
| 999 |
_c100518 _d100518 |
||